书目信息 |
| 题名: |
微积分学习指导
|
|
| 作者: | 周誓达 编著 | |
| 分册: | 经济类与管理类 | |
| 出版信息: | 北京 中国人民大学出版社 2005.05 |
|
| 页数: | 171页 | |
| 开本: | 21cm | |
| 丛书名: | ||
| 单 册: | ||
| 中图分类: | O172-42 | |
| 科图分类: | ||
| 主题词: | 微积分--wei ji fen--高等教育--教学参考资料 | |
| 电子资源: | ||
| ISBN: | 7-300-04748-3 | |
| 000 | 00969nam0 2200277 450 | |
| 001 | 012006541820 | |
| 005 | 20060630161334.00 | |
| 010 | @a7-300-04748-3@dCNY12.00 | |
| 100 | @a20060610d2005 km y0chiy0120 ea | |
| 101 | 0 | @achi |
| 102 | @aCN@b110000 | |
| 105 | @aa z 000yy | |
| 200 | 1 | @a微积分学习指导@Awei ji fen xue xi zhi dao@i经济类与管理类@f周誓达编著@Fzhou shi da bian zhu |
| 205 | @a第3版 | |
| 210 | @a北京@c中国人民大学出版社@d2005.05 | |
| 215 | @a171页@c图@d21cm | |
| 300 | @a教育部高职高专推荐教材高职高专高等数学基础特色教材系列 | |
| 330 | @a本书包括两部分内容:各章学习要点与全部习题详细解答,其中第六章二元函数微分学为选修内容。 | |
| 333 | @a经济与管理类学习者。 | |
| 410 | 0 | @12001 @a高等数学基础 |
| 517 | 1 | @a经济类与管理类@Ajing ji lei yu guan li lei |
| 606 | 0 | @a微积分@Awei ji fen@x高等教育@j教学参考资料 |
| 690 | @aO172-42@v4 | |
| 701 | 0 | @a周誓达@Azhou shi da@4编著 |
| 801 | 0 | @aCN@bQSSK@c20060630 |
| 905 | @a10447@dO172-42@eZ790 | |
| 微积分学习指导.经济类与管理类/周誓达编著.-第3版.-北京:中国人民大学出版社,2005.05 |
| 171页:图;21cm |
| 教育部高职高专推荐教材高职高专高等数学基础特色教材系列.-使用对象:经济与管理类学习者。 |
| ISBN 7-300-04748-3:CNY12.00 |
| 本书包括两部分内容:各章学习要点与全部习题详细解答,其中第六章二元函数微分学为选修内容。 |
| ● |
| 相关链接 |
|
|
|
正题名:微积分学习指导
索取号:O172-42/Z790
 
预约/预借
| 序号 | 登录号 | 条形码 | 馆藏地/架位号 | 状态 | 备注 |
| 1 | 583340 | 205833400 | 自科库401/401自科库 44排2列5层/ [索取号:O172-42/Z790] | 在馆 | |
| 2 | 583341 | 205833419 | 自科库401/401自科库 44排2列5层/ [索取号:O172-42/Z790] | 在馆 | |
| 3 | 583342 | 205833428 | 自科库401/401自科库 44排2列5层/ [索取号:O172-42/Z790] | 在馆 |